| Tag |
First Indicator |
Second Indicator |
Subfields |
| LEADER |
00000cam a2200000 4500 |
| 001 |
in00000362425 |
| 005 |
20230801164032.0 |
| 008 |
720721s1971 enka b 001 0 eng |
| 010 |
|
|
|a 72183045
|
| 015 |
|
|
|a B72-00318
|
| 019 |
|
|
|a 3647654
|a 1139356659
|
| 020 |
|
|
|a 0263517748
|
| 020 |
|
|
|a 9780263517743
|
| 029 |
1 |
|
|a AU@
|b 000000616037
|
| 029 |
1 |
|
|a NZ1
|b 2567047
|
| 029 |
1 |
|
|a UNITY
|b 084243422
|
| 035 |
|
|
|a (OCoLC)ocm00402642
|
| 035 |
|
|
|a (OCoLC)402642
|z (OCoLC)3647654
|z (OCoLC)1139356659
|
| 035 |
|
|
|a (OCoLC)ocm00402642
|
| 040 |
|
|
|a DLC
|b eng
|c DLC
|d OCLCQ
|d OCLCG
|d AU@
|d YDXCP
|d OCLCO
|d OCLCF
|d OCLCQ
|d LHL
|d OCLCO
|
| 050 |
0 |
0 |
|a TP336
|b .G48
|
| 082 |
0 |
0 |
|a 662/.72
|2 18
|
| 100 |
1 |
|
|a Gibson, J.
|q (Joseph)
|
| 245 |
1 |
0 |
|a Carbonisation of coal
|c [by] J. Gibson [and] D.H. Gregory.
|
| 260 |
|
|
|a London,
|b Mills and Boon,
|c 1971.
|
| 300 |
|
|
|a 71 pages
|b illustrations
|c 22 cm.
|
| 336 |
|
|
|a text
|b txt
|2 rdacontent
|
| 337 |
|
|
|a unmediated
|b n
|2 rdamedia
|
| 338 |
|
|
|a volume
|b nc
|2 rdacarrier
|
| 490 |
1 |
|
|a M. & B. monograph CE/4
|
| 504 |
|
|
|a Includes bibliographical references (page 67).
|
| 650 |
|
0 |
|a Coal
|x Carbonization.
|
| 650 |
|
6 |
|a Charbon
|x Carbonisation.
|
| 650 |
|
7 |
|a Coal
|x Carbonization.
|2 fast
|0 (OCoLC)fst00865092
|
| 700 |
1 |
|
|a Gregory, D. H.,
|e author.
|
| 776 |
0 |
8 |
|i Online version:
|a Gibson, J. (Joseph).
|t Carbonisation of coal.
|d London, Mills and Boon, 1971
|w (OCoLC)623357748
|
| 830 |
|
0 |
|a M & B monograph.
|v CE/4.
|
| 938 |
|
|
|a YBP Library Services
|b YANK
|n 3966750
|
| 948 |
|
|
|h HELD BY TXA - 81 OTHER HOLDINGS
|
| 994 |
|
|
|a Z0
|b TXA
|
| 999 |
f |
f |
|s af5d18d8-be3a-30ae-a4dc-618359dbc93a
|i f6a9f503-724d-3409-9494-6e77a22c4030
|t 0
|
| 952 |
f |
f |
|p ric
|a Texas A&M University
|b Rellis Campus
|c Joint Library Facility
|s JLF
|d Remote Storage
|t 0
|e TP336 .G48 1971a
|h Library of Congress classification
|i unmediated -- volume
|m A14805605268
|